Συνέριθοι και συμπεριαγωγοί : τα μαθηματικά στο έβδομο βιβλίο της «Πολιτείας» του Πλάτωνα

Saved in:
Bibliographic Details
Main Author: Κουρεμένος, Θεόκριτος
Format: Book
Language:Greek
Published: Ηράκλειο : Πανεπιστημιακές Εκδόσεις Κρήτης, c2022.
Series:Αρχαία Επιστημονική Γραμματεία / Μελέτες
Subjects:
Tags: Add Tag
No Tags, Be the first to tag this record!

MARC

LEADER 00000nam a2200000 a 4500
001 1/126065
008 230131t2022####gr | ||| |||| ||gre||
020 |a 9789605248925 
040 |a GR-MyUa  |b gre  |c GR-MyUa  |e AACR2 
041 0 |a gre 
082 7 |a 510.938  |2 (23) 
100 1 |a Κουρεμένος, Θεόκριτος. 
245 0 0 |a Συνέριθοι και συμπεριαγωγοί :   |b τα μαθηματικά στο έβδομο βιβλίο της «Πολιτείας» του Πλάτωνα /   |c Θεόκριτος Κουρεμένος.  
260 |a Ηράκλειο :   |b Πανεπιστημιακές Εκδόσεις Κρήτης,   |c c2022.  
300 |a 334 σ. :   |b σχέδια, πίν. ;   |c 22 εκ.  
490 1 |a (Αρχαία Επιστημονική Γραμματεία / Μελέτες) 
504 |a Βιβλιογραφία: 303-318 σ. Περιέχει ευρετήριο.  
650 0 |a Mathematics, Ancient. 
830 0 |a Αρχαία Επιστημονική Γραμματεία / Μελέτες 
852 |a INST  |b SAMOS  |c EUDOXUS  |e 20230131  |h 510.938 ΚΟΥ  |p 005300047333  |q 005300047333  |t EDX  |y 0 
920 |a Εύδοξος   |b Παραγγελία  |y Σάμος-ΤΜΑΘ  |z 2022-12 
970 |a Φιλιππή  |b Φάλη  |z 31-01-2023